Anatomía del seno maxilar desde el punto de vista del tratamiento quirúrgico de la sinusitis maxilar crónica. Tesis del Doctorado / (Record no. 93927)

MARC details
000 -LEADER
campo de control de longitud fija 00546nam a2200157 i 4500
001 - NÚMERO DE CONTROL
campo de control 93927
003 - IDENTIFICADOR DE NÚMERO DE CONTROL
campo de control ES-MaACL
005 - FECHA Y HORA DE LA ÚLTIMA TRANSACCIÓN
campo de control 20230906181339.0
007 - CAMPO FIJO DE DESCRIPCIÓN FÍSICA--INFORMACIÓN GENERAL
campo de control de longitud fija t|
008 - DATOS DE LONGITUD FIJA--INFORMACIÓN GENERAL
campo de control de longitud fija 050422s1906 sp ||||1| spa d
100 1# - ENTRADA PRINCIPAL--NOMBRE DE PERSONA
Nombre de persona López Prieto, Ramón.
9 (RLIN) 73901
245 10 - MENCIÓN DEL TÍTULO
Título Anatomía del seno maxilar desde el punto de vista del tratamiento quirúrgico de la sinusitis maxilar crónica. Tesis del Doctorado /
Mención de responsabilidad, etc. por Ramón López Prieto.
260 ## - PUBLICACIÓN, DISTRIBUCIÓN, ETC.
Lugar de publicación, distribución, etc. Valladolid :
Nombre del editor, distribuidor, etc. Ambrosio Rodríguez,
Fecha de publicación, distribución, etc. 1906.
300 ## - DESCRIPCIÓN FÍSICA
Extensión 63 p. ;
Dimensiones 24 cm.
852 ## - LOCALIZACIÓN
Ubicación ES-MaACL
Número de control de estantería T-1132-F-8
Holdings
Estatus retirado Estado de pérdida Estado de daño No para préstamo Colección Biblioteca de origen Biblioteca actual Ubicación en estantería Fecha de adquisición Fuente de adquisición Total de préstamos Signatura topográfica completa Código de barras Visto por última vez Precio de reemplazo Tipo de ítem Koha
        Colección de folletos Biblioteca del Ateneo de Madrid Biblioteca del Ateneo de Madrid Depósito folletos 17/01/2008     T-1132-F-8 1098092 23/02/2023 23/02/2023 Folleto